[Event "ICS rated blitz match"]
[Site "204.178.125.65"]
[Date "2000.03.18"]
[Round "?"]
[White "undertaker1"]
[Black "Hossa"]
[Result "1-0"]
[WhiteElo "2665"]
[BlackElo "2390"]
[PlyCount "115"]

1. e4 c5 2. Nf3 Nc6 3. d4 cxd4 4. Nxd4 Nf6 5. Nc3 d6 6. Bg5 e6 7. Qd2 a6 8.
O-O-O h6 9. Be3 Be7 10. f4 Nxd4 11. Bxd4 b5 12. Qe3 Qc7 13. e5 dxe5 14. fxe5
Nd7 15. Ne4 Bb7 16. Nd6+ Qxd6 17. exd6 Bg5 18. Qxg5 hxg5 19. Bxg7 Rh4 20. Bd4
Rc8 21. Bf2 Rh6 22. Be3 f6 23. a3 Bd5 24. a4 Bb3 25. Rd2 Bc4 26. axb5 axb5 27.
Bxc4 Rxc4 28. h3 Ra4 29. Rdd1 Ra1+ 30. Kd2 Ra6 31. Kc3 Rc6+ 32. Kb3 Rh4 33.
Rhe1 Ra4 34. Re2 e5 35. Rd5 Kf7 36. Rxb5 Re4 37. Rd5 Ke6 38. Rd3 Rxd6 39. Rxd6+
Kxd6 40. c4 Kc6 41. Kc3 f5 42. Kd3 Nc5+ 43. Bxc5 Rxe2 44. Kxe2 Kxc5 45. g3 Kxc4
46. h4 Kd5 47. hxg5 Ke6 48. b4 e4 49. b5 Ke5 50. b6 Ke6 51. b7 Kf7 52. b8=Q Kg6
53. Qg8+ Kh5 54. Qh7+ Kxg5 55. Qg7+ Kh5 56. Ke3 f4+ 57. Kxf4 e3 58. Qh7# 1-0

[Event "ICS rated blitz match"]
[Site "204.178.125.65"]
[Date "2000.03.18"]
[Round "?"]
[White "Hossa"]
[Black "undertaker1"]
[Result "0-1"]
[WhiteElo "2385"]
[BlackElo "2670"]
[PlyCount "194"]

1. e4 e5 2. Nf3 Nc6 3. Bb5 a6 4. Ba4 Nf6 5. O-O Be7 6. Re1 b5 7. Bb3 d6 8. c3
O-O 9. h3 Na5 10. Bc2 c5 11. d4 Qc7 12. Nbd2 cxd4 13. cxd4 Bb7 14. Nf1 Rac8 15.
Re2 d5 16. dxe5 Nxe4 17. Ng3 f5 18. exf6 Bxf6 19. Bxe4 dxe4 20. Nxe4 Qc6 21.
Rb1 Rfe8 22. Nxf6+ Qxf6 23. Ne1 Be4 24. Ra1 Nc4 25. Qb3 Bg6 26. Be3 Bh5 27. Rc2
Bf7 28. Qc3 Nxe3 29. Qxc8 Nxc2 30. Qxc2 Bxa2 31. Nf3 Bc4 32. Re1 Rxe1+ 33. Nxe1
a5 34. Qd2 Kf8 35. Nf3 g6 36. Qxa5 Qxb2 37. Qd8+ Kg7 38. Qc7+ Bf7 39. Ne5 Qb1+
40. Kh2 Qf5 41. Kg3 b4 42. f4 h5 43. h4 b3 44. Qb7 Qe6 45. Qb4 Qf5 46. Qd4 Be6
47. Qa7+ Kg8 48. Qb7 Bf7 49. Kf3 Kg7 50. Ke3 Qe6 51. Qb4 Qd5 52. Kf2 Qd1 53.
Kg3 Qe2 54. Kh2 Qe3 55. Nd7 Qe8 56. Qd4+ Kh6 57. Ne5 Be6 58. Qd6 Kg7 59. Kg3
Bf5 60. Qa3 Qe6 61. Qa7+ Kh8 62. Qb7 Bc2 63. Kf2 Kg8 64. Qc7 Be4 65. g3 Bc2 66.
Qd8+ Kg7 67. Qb8 Qe7 68. Kf1 Kf6 69. Qh8+ Kf5 70. Qc8+ Qe6 71. Qf8+ Ke4 72.
Qb4+ Ke3 73. Qc3+ Ke4 74. Qe1+ Kf5 75. Qa5 Be4 76. Ke2 Bd5 77. Qb5 Bc6 78. Qb4
Be8 79. Ke3 Kf6 80. Qf8+ Bf7 81. Qb8 Kg7 82. Kf2 Qd5 83. Qb4 Qd1 84. Qb7 Qd2+
85. Kf1 Qd5 86. Qxd5 Bxd5 87. Nd3 Bc4 88. Kf2 Bxd3 89. Ke3 Bf5 90. Kd4 b2 91.
Kc5 b1=Q 92. Kc6 Qb3 93. Kd6 Qc4 94. g4 hxg4 95. h5 gxh5 96. Ke7 Qc7+ 97. Ke8
Qd7# 0-1

[Event "ICS Rated blitz match"]
[Site "204.178.125.65"]
[Date "2000.03.18"]
[Round "?"]
[White "poodledough"]
[Black "Hossa"]
[Result "1-0"]
[WhiteElo "2842"]
[BlackElo "2390"]
[PlyCount "171"]

1. e4 e5 2. Nf3 Nc6 3. Bb5 a6 4. Bxc6 dxc6 5. O-O f6 6. d4 Bg4 7. dxe5 Qxd1 8.
Rxd1 fxe5 9. Rd3 Bd6 10. Nbd2 Nf6 11. Nc4 O-O 12. Nfxe5 Be2 13. Re3 Bxc4 14.
Nxc4 Bc5 15. Re1 Rae8 16. Be3 Bxe3 17. Rxe3 Rxe4 18. Rxe4 Nxe4 19. f3 Nf6 20.
Re1 Rd8 21. Kf2 Nd5 22. Na5 Rb8 23. Nb3 Kh8 24. Nc5 h6 25. Re6 Nb4 26. Re7 Nxc2
27. Rxc7 Rd8 28. Ne4 Rb8 29. a3 Nd4 30. Nc5 b6 31. Nxa6 Re8 32. Kg3 Re2 33. b4
Ra2 34. Nb8 Ne2+ 35. Kg4 Ng1 36. Rc8+ Kh7 37. Kf5 Rxg2 38. Nd7 Rg5+ 39. Ke4 Rg2
40. Nxb6 Re2+ 41. Kf4 Rxh2 42. Rxc6 Rh3 43. Ke4 Nxf3 44. a4 Nd2+ 45. Ke5 Re3+
46. Kd6 Ne4+ 47. Kd5 Nf2 48. a5 Ra3 49. Nd7 Rd3+ 50. Ke6 Rb3 51. a6 Rxb4 52.
Nb6 Re4+ 53. Kd6 Re3 54. a7 Ra3 55. a8=R Rxa8 56. Nxa8 h5 57. Ke5 g6 58. Nb6
Ng4+ 59. Kf4 Kg7 60. Nd7 Kh6 61. Nf8 Kg7 62. Nxg6 Nf6 63. Kf5 Nd5 64. Rd6 Ne3+
65. Kg5 Ng4 66. Rd7+ Kg8 67. Rc7 Ne3 68. Kxh5 Nd5 69. Rb7 Nf6+ 70. Kh6 Ng4+ 71.
Kg5 Nf6 72. Ne7+ Kf7 73. Nd5+ Ke6 74. Nxf6 Kd6 75. Rd7+ Kc5 76. Kf4 Kc4 77. Ke3
Kc5 78. Kd3 Kb6 79. Kc4 Kc6 80. Rd5 Kb6 81. Rd6+ Kc7 82. Kc5 Kb7 83. Rd7+ Kb8
84. Re7 Kc8 85. Kb6 Kd8 86. Re8# 1-0

[Event "ICS Rated standard match"]
[Site "204.178.125.65"]
[Date "2000.03.18"]
[Round "?"]
[White "Hossa"]
[Black "Zippy"]
[Result "1-0"]
[WhiteElo "2333"]
[BlackElo "2276"]
[PlyCount "159"]

1. e4 c5 2. Nf3 e6 3. d4 cxd4 4. Nxd4 a6 5. Nc3 Qc7 6. Be2 Bb4 7. Bd2 Nf6 8.
Nf3 Bxc3 9. Bxc3 Nxe4 10. Qd4 Nxc3 11. Qxg7 Rf8 12. bxc3 h6 13. O-O Qf4 14.
Rad1 Nc6 15. c4 b6 16. Rfe1 Rb8 17. Bd3 Ne7 18. Re4 Qc7 19. Rd4 Rg8 20. Qf6 Nc6
21. Rh4 d6 22. Bh7 Rf8 23. Rxh6 Bb7 24. Ng5 Nd8 25. Qf4 Kd7 26. Be4 Bxe4 27.
Nxe4 Nb7 28. Ng5 Qc8 29. Rh7 Qe8 30. Nxf7 Kc8 31. Nxd6+ Nxd6 32. Qxd6 Rb7 33.
Rxb7 Kxb7 34. c5 Ka8 35. Qxb6 Qb5 36. Rb1 Qxb6 37. Rxb6 Ka7 38. Rxe6 Kb7 39.
Rb6+ Kc7 40. Rxa6 Rf5 41. Ra5 Kc6 42. Ra8 Rf4 43. Rc8+ Kd7 44. Rb8 Kc6 45. a3
Rc4 46. Rb2 Ra4 47. Rb6+ Kd5 48. Rb3 Rc4 49. Rb2 Ra4 50. Ra2 Kxc5 51. Kf1 Rh4
52. h3 Kd5 53. a4 Rh6 54. a5 Ra6 55. f4 Kd4 56. g4 Ke4 57. f5 Kf4 58. Kg2 Ke4
59. h4 Kf4 60. Ra4+ Ke5 61. c3 Kd5 62. Kg3 Ke5 63. Kf2 Kf6 64. Ra2 Ke5 65. Kf3
Rc6 66. Ra3 Ra6 67. Ke3 Kd6 68. Kd4 Ra8 69. a6 Ra7 70. g5 Ke7 71. h5 Kf7 72.
Kc5 Ke7 73. Kb6 Ra8 74. a7 Kf7 75. Kb7 Rg8 76. a8=Q Rxg5 77. Qc8 Rg7 78. Ra6
Rg2 79. Qd7+ Kf8 80. Ra8# 1-0

[Event "ICS Rated standard match"]
[Site "204.178.125.65"]
[Date "2000.03.18"]
[Round "?"]
[White "Hossa"]
[Black "PostModernist"]
[Result "0-1"]
[WhiteElo "2346"]
[BlackElo "2331"]
[PlyCount "178"]

1. e4 c5 2. Nf3 d6 3. d4 Nf6 4. Nc3 cxd4 5. Nxd4 e6 6. Be3 Be7 7. Be2 a6 8. f4
O-O 9. e5 dxe5 10. fxe5 Nfd7 11. Bf4 Qb6 12. Na4 Qa5+ 13. Nc3 Nxe5 14. Nb3 Qc7
15. O-O Nbc6 16. Qe1 Qb6+ 17. Kh1 Ng6 18. Bg3 Bf6 19. Rd1 Rd8 20. Na4 Qe3 21.
Rf3 Rxd1 22. Qxd1 Qa7 23. Bf2 Qb8 24. Nb6 Bxb2 25. Bc5 Bf6 26. Qd2 a5 27. Bb5
a4 28. Bxa4 Nce5 29. Rxf6 gxf6 30. Qd8+ Kg7 31. Nxa8 Qxa8 32. Bb5 Nc6 33. Qe8
Qb8 34. Bxc6 bxc6 35. Qxc6 Bb7 36. Qd6 Qa8 37. Qd2 Qxa2 38. Qe2 h5 39. Be3 Qb1+
40. Nc1 Nh4 41. Qxh5 Qxc2 42. Bh6+ Kg8 43. Qg4+ Qg6 44. Qg3 Bxg2+ 45. Kg1 Bd5
46. Ne2 Nf5 47. Qxg6+ fxg6 48. Bc1 Kf7 49. Ba3 e5 50. Kf2 g5 51. Bc5 Ke6 52.
Nc3 g4 53. Nb5 Bc4 54. Nc3 Bd3 55. Na4 Kd5 56. Ba7 Nd4 57. Nc3+ Kc4 58. Na4 Nb5
59. Be3 Nd6 60. Nb2+ Kc3 61. Na4+ Kc2 62. Nc5 Bb5 63. Bh6 Nf5 64. Bf8 Bc6 65.
Na6 Kb3 66. Bc5 Kc4 67. Bf8 e4 68. Nc7 e3+ 69. Kf1 Nd4 70. Bd6 e2+ 71. Kf2 Bf3
72. Bg3 Kd3 73. Kg1 Kd2 74. Ne6 Nxe6 75. h3 gxh3 76. Kh2 Bg2 77. Bd6 f5 78.
Bb4+ Kd1 79. Kg3 f4+ 80. Kg4 h2 81. Kf5 Bh3+ 82. Ke5 h1=Q 83. Kd6 Qa8 84. Bc3
Qa6+ 85. Ke5 e1=Q+ 86. Bxe1 Qb5+ 87. Kf6 Qd7 88. Kg6 Qg7+ 89. Kh5 Qg5# 0-1

[Event "ICS rated blitz match"]
[Site "204.178.125.65"]
[Date "2000.03.18"]
[Round "?"]
[White "Hossa"]
[Black "littleboby"]
[Result "1-0"]
[WhiteElo "2388"]
[BlackElo "2116"]
[PlyCount "35"]

1. e4 e6 2. d4 d5 3. Nc3 Nf6 4. Bg5 Be7 5. e5 Nfd7 6. Bxe7 Qxe7 7. f4 O-O 8.
Qd2 a6 9. Nf3 c5 10. dxc5 Nc6 11. Na4 Nxc5 12. Nxc5 Qxc5 13. O-O-O Bd7 14. Kb1
Rac8 15. f5 Nb4 16. c3 Nc6 17. f6 g6 18. Qh6 1-0

[Event "ICS rated blitz match"]
[Site "204.178.125.65"]
[Date "2000.03.18"]
[Round "?"]
[White "littleboby"]
[Black "Hossa"]
[Result "0-1"]
[WhiteElo "2110"]
[BlackElo "2394"]
[PlyCount "42"]

1. d4 Nf6 2. Nf3 e6 3. g3 b6 4. Bg2 Bb7 5. O-O c5 6. c4 cxd4 7. Nxd4 Bxg2 8.
Kxg2 Nc6 9. Nc3 Nxd4 10. Qxd4 Bc5 11. Qd3 h5 12. b4 Bxb4 13. Rb1 Bxc3 14. Qxc3
h4 15. c5 Rc8 16. Be3 bxc5 17. Bg5 h3+ 18. Kg1 d5 19. Rb7 d4 20. Qd3 Qd5 21. f3
Qxb7 0-1

[Event "ICS rated blitz match"]
[Site "204.178.125.65"]
[Date "2000.03.18"]
[Round "?"]
[White "Hossa"]
[Black "littleboby"]
[Result "1-0"]
[WhiteElo "2399"]
[BlackElo "2105"]
[PlyCount "39"]

1. e4 e6 2. d4 d5 3. Nc3 Nf6 4. Bg5 Be7 5. e5 Ne4 6. Nxe4 Bxg5 7. Nxg5 Qxg5 8.
Nf3 Qe7 9. c3 O-O 10. Bd3 f6 11. exf6 Qxf6 12. Qe2 c5 13. dxc5 Nc6 14. Bb5 Bd7
15. Bxc6 Bxc6 16. O-O Rae8 17. Ne5 Qf4 18. b3 Rf5 19. Rfe1 Rh5 20. Qxh5 1-0

[Event "ICS rated blitz match"]
[Site "204.178.125.65"]
[Date "2000.03.18"]
[Round "?"]
[White "BinaryLogic"]
[Black "Hossa"]
[Result "1-0"]
[WhiteElo "2162"]
[BlackElo "2404"]
[PlyCount "75"]

1. e4 c5 2. Nf3 d6 3. d4 cxd4 4. Nxd4 Nf6 5. Nc3 a6 6. Be3 e5 7. Nb3 Be6 8. f3
Be7 9. Qd2 O-O 10. O-O-O b5 11. g4 Bxb3 12. cxb3 b4 13. Ne2 Qc7+ 14. Kb1 Nc6
15. Ng3 Rfd8 16. g5 Nd7 17. Nf5 Nf8 18. h4 Ne6 19. h5 Ned4 20. g6 Nxf5 21.
gxf7+ Kxf7 22. Bc4+ Ke8 23. exf5 Na5 24. Be6 Nc6 25. h6 gxh6 26. Rxh6 Nd4 27.
Bxd4 Bf8 28. Rf6 Qg7 29. Rf7 Qg3 30. Rg1 Qh4 31. Rg8 Qh1+ 32. Qc1 Qxc1+ 33.
Kxc1 Rdc8+ 34. Kd2 Rc2+ 35. Kxc2 Rc8+ 36. Kd2 Rc2+ 37. Kxc2 exd4 38. Rgxf8# 1-0

[Event "ICS rated blitz match"]
[Site "204.178.125.65"]
[Date "2000.03.18"]
[Round "?"]
[White "BinaryLogic"]
[Black "Hossa"]
[Result "1/2-1/2"]
[WhiteElo "2218"]
[BlackElo "2378"]
[PlyCount "86"]

1. e4 e5 2. Nf3 Nc6 3. Bb5 a6 4. Ba4 Nf6 5. O-O Be7 6. c3 Nxe4 7. Re1 Nc5 8.
Bxc6 dxc6 9. Nxe5 O-O 10. d4 Nd7 11. Bf4 Nxe5 12. Bxe5 Be6 13. Nd2 c5 14. Nf3
Re8 15. Qe2 Bd5 16. Rad1 Bxa2 17. dxc5 Qc8 18. Bd4 Bb3 19. Ra1 Qf5 20. Nd2 Bf8
21. Qxe8 Rxe8 22. Rxe8 Be6 23. Nf3 Qc2 24. b4 Bd5 25. Rae1 Bxf3 26. gxf3 Qg6+
27. Kh1 Qf5 28. Kg2 Qg5+ 29. Kh1 Qf4 30. Kg2 h5 31. Rb8 Qg5+ 32. Kh1 Qf5 33.
Kg2 Qg6+ 34. Kh1 Qc6 35. Kg2 Qh6 36. Ree8 Qg6+ 37. Kh1 Qb1+ 38. Kg2 Qg6+ 39.
Kh1 Qb1+ 40. Kg2 Qg6+ 41. Kh1 Qb1+ 42. Kg2 Qg6+ 43. Kh1 Qb1+ 1/2-1/2

[Event "ICS rated blitz match"]
[Site "204.178.125.65"]
[Date "2000.03.18"]
[Round "?"]
[White "Hossa"]
[Black "HaraldLdahl"]
[Result "1-0"]
[WhiteElo "2371"]
[BlackElo "2293"]
[PlyCount "93"]

1. e4 Nf6 2. e5 Nd5 3. d4 d6 4. Nf3 Bg4 5. Be2 c6 6. Ng5 Bf5 7. e6 fxe6 8. g4
Bg6 9. Bd3 Bxd3 10. Qxd3 Nf6 11. Nxe6 Qd7 12. Qe2 Na6 13. g5 Nd5 14. c4 Ndc7
15. Nxf8 Rxf8 16. Qh5+ g6 17. Qxh7 Qf5 18. O-O O-O-O 19. Qxe7 Rh8 20. f3 Ne6
21. d5 Nf4 22. dxc6 Nc5 23. cxb7+ Kb8 24. Nc3 Rd7 25. Qf6 Nh3+ 26. Kh1 Rdh7 27.
Qxf5 gxf5 28. b4 Nd3 29. Nb5 Nhf4 30. Bxf4 Nxf4 31. Rf2 Rg8 32. Nxd6 Rxg5 33.
Re1 Rxb7 34. Re8+ Kc7 35. Re7+ Kxd6 36. Rxb7 Nd3 37. Rd2 Ke5 38. Rxd3 a5 39.
Rb5+ Ke6 40. Rxa5 f4 41. Rxg5 Kf6 42. c5 Ke6 43. Rd6+ Ke7 44. Re5+ Kf7 45. Kg2
Kf8 46. Rd7 Kg8 47. Re8# 1-0

[Event "ICS rated blitz match"]
[Site "204.178.125.65"]
[Date "2000.03.18"]
[Round "?"]
[White "HaraldLdahl"]
[Black "Hossa"]
[Result "0-1"]
[WhiteElo "2281"]
[BlackElo "2383"]
[PlyCount "84"]

1. e4 e5 2. Nf3 Nc6 3. Nc3 Nf6 4. Bb5 Bb4 5. O-O O-O 6. Bxc6 dxc6 7. d3 Bg4 8.
h3 Bxf3 9. Qxf3 h6 10. Ne2 Qe7 11. Ng3 Qd8 12. Nf5 Kh8 13. Kh1 Rg8 14. Qg3 Bd6
15. Qh4 Nh7 16. Qg3 Nf6 17. f4 Nh5 18. Qg4 Nf6 19. Qh4 Nd7 20. d4 Qxh4 21. Nxh4
exd4 22. e5 Bc5 23. Nf5 Kh7 24. Rd1 Rad8 25. b3 g6 26. Ng3 Bb4 27. Bb2 c5 28.
Ne4 g5 29. fxg5 Rge8 30. a3 Ba5 31. b4 Rxe5 32. Nxc5 Nxc5 33. bxc5 Rxc5 34.
Bxd4 Rcd5 35. c3 Bxc3 36. Bxc3 Rxd1+ 37. Rxd1 Rxd1+ 38. Kh2 hxg5 39. Be5 c5 40.
Kg3 Rd3+ 41. Kg4 Kg6 42. h4 f5# 0-1

[Event "ICS rated blitz match"]
[Site "204.178.125.65"]
[Date "2000.03.18"]
[Round "?"]
[White "Hossa"]
[Black "HaraldLdahl"]
[Result "1-0"]
[WhiteElo "2394"]
[BlackElo "2270"]
[PlyCount "47"]

1. e4 Nf6 2. e5 Nd5 3. d4 d6 4. Nf3 Bg4 5. Be2 c6 6. Ng5 Bf5 7. e6 fxe6 8. g4
Bg6 9. Bd3 Bxd3 10. Qxd3 Qd7 11. Nxh7 Na6 12. Qg6+ Kd8 13. Ng5 Kc8 14. Nxe6
Nac7 15. Nxf8 Rxf8 16. c4 Nb4 17. a3 Rf6 18. Qh7 Qxg4 19. axb4 Qxd4 20. Be3
Qxc4 21. Nc3 Na6 22. Qh8+ Kc7 23. Qxa8 Nxb4 24. Rxa7 1-0

[Event "ICS rated blitz match"]
[Site "204.178.125.65"]
[Date "2000.03.18"]
[Round "?"]
[White "R-172"]
[Black "Hossa"]
[Result "0-1"]
[WhiteElo "2390"]
[BlackElo "2410"]
[PlyCount "88"]

1. d4 Nf6 2. c4 c5 3. d5 e6 4. Nc3 exd5 5. cxd5 d6 6. e4 g6 7. Bd3 Bg7 8. Nge2
O-O 9. O-O Nbd7 10. f4 Nb6 11. a4 Ng4 12. h3 Nf6 13. a5 Nbd7 14. Ng3 Ne8 15.
Qf3 Nc7 16. Bd2 Bd4+ 17. Kh1 Nf6 18. Rab1 b6 19. Nce2 Nd7 20. Nxd4 cxd4 21. Ne2
Nc5 22. Nxd4 Nxd3 23. Qxd3 Ba6 24. Qg3 f5 25. Nxf5 Bxf1 26. Rxf1 Nxd5 27. Nh6+
Kg7 28. Ng4 h5 29. Nh2 Nf6 30. Bc3 Qe8 31. e5 dxe5 32. Bxe5 Kh7 33. Nf3 Ne4 34.
Qe1 Nf6 35. Ng5+ Kg8 36. Qc3 Qb5 37. Rf3 Rac8 38. Qa3 Rc1+ 39. Kh2 Qc5 40. Qb3+
Kh8 41. Nf7+ Kg7 42. Ng5 Qg1+ 43. Kg3 h4+ 44. Kxh4 Qe1+ 0-1

[Event "ICS rated blitz match"]
[Site "204.178.125.65"]
[Date "2000.03.18"]
[Round "?"]
[White "Hossa"]
[Black "R-172"]
[Result "1-0"]
[WhiteElo "2425"]
[BlackElo "2375"]
[PlyCount "89"]

1. d4 Nf6 2. c4 e6 3. Nc3 Bb4 4. e3 c5 5. Nf3 O-O 6. a3 Ba5 7. Bd2 d6 8. Bd3
Nc6 9. O-O e5 10. d5 Ne7 11. Ne4 Bxd2 12. Nxf6+ gxf6 13. Nxd2 f5 14. Qh5 e4 15.
Bc2 Ng6 16. b4 b6 17. f3 exf3 18. Qxf3 Qe7 19. Qf2 Re8 20. Rae1 Qg5 21. Ba4 Re7
22. bxc5 bxc5 23. Nf3 Qf6 24. Rb1 Ba6 25. Bc6 Rd8 26. Nd2 Bc8 27. Rb8 Ne5 28.
Qg3+ Qg6 29. Qh4 f6 30. e4 Rf8 31. exf5 Bxf5 32. Rxf8+ Kxf8 33. Qf2 Rg7 34. Nf3
Be4 35. Nh4 Qf7 36. Qxf6 Qxf6 37. Rxf6+ Ke7 38. Re6+ Kf8 39. Rxd6 Nxc4 40. Rd8+
Ke7 41. Re8+ Kf7 42. Rxe4 Nxa3 43. d6 Kf6 44. d7 Rg8 45. Re8 1-0

[Event "ICS rated blitz match"]
[Site "204.178.125.65"]
[Date "2000.03.18"]
[Round "?"]
[White "undertaker1"]
[Black "Hossa"]
[Result "1-0"]
[WhiteElo "2697"]
[BlackElo "2439"]
[PlyCount "109"]

1. e4 e5 2. Nf3 Nc6 3. Bb5 d6 4. d4 Bd7 5. Nc3 Nf6 6. O-O Be7 7. Re1 exd4 8.
Nxd4 O-O 9. Bxc6 bxc6 10. Qf3 Re8 11. e5 dxe5 12. Nxc6 Bxc6 13. Qxc6 Bb4 14.
Rd1 Qc8 15. Ne4 Be7 16. Be3 Rd8 17. Bg5 Qb8 18. Nxf6+ Bxf6 19. Bxf6 gxf6 20.
Qxf6 Rxd1+ 21. Rxd1 Qxb2 22. Qg5+ Kf8 23. Qf5 h6 24. Qh7 Rb8 25. Qxh6+ Kg8 26.
Qg5+ Kf8 27. Qh5 Kg8 28. Qg4+ Kf8 29. Qc4 Qb1 30. Rxb1 Rxb1+ 31. Qf1 Rxf1+ 32.
Kxf1 f5 33. Ke2 Kg7 34. Kd3 e4+ 35. Kd4 Kg6 36. Kd5 Kf6 37. g3 c6+ 38. Kxc6 f4
39. gxf4 Ke6 40. c4 Kf5 41. c5 a5 42. Kd5 Kxf4 43. c6 Kf3 44. c7 e3 45. fxe3
Kf2 46. e4 Kg2 47. h4 a4 48. c8=Q Kf3 49. h5 Ke3 50. h6 Ke2 51. h7 Kf2 52. h8=Q
Ke2 53. Qb2+ Ke3 54. Qh3+ Kf4 55. Qf6# 1-0

[Event "ICS rated blitz match"]
[Site "204.178.125.65"]
[Date "2000.03.18"]
[Round "?"]
[White "Hossa"]
[Black "undertaker1"]
[Result "0-1"]
[WhiteElo "2433"]
[BlackElo "2703"]
[PlyCount "120"]

1. e4 e5 2. Nf3 Nc6 3. Bb5 a6 4. Ba4 Nf6 5. O-O Be7 6. Re1 b5 7. Bb3 d6 8. c3
O-O 9. h3 Na5 10. Bc2 c5 11. d4 Qc7 12. Nbd2 cxd4 13. cxd4 Bb7 14. Nf1 Rac8 15.
Re2 d5 16. dxe5 Nxe4 17. Ng3 f5 18. exf6 Bxf6 19. Bxe4 dxe4 20. Nxe4 Qc6 21.
Rb1 Rfe8 22. Nxf6+ Qxf6 23. Ne1 Be4 24. Ra1 Nc4 25. Qb3 Bg6 26. Be3 Bh5 27. Rc2
Bf7 28. Qc3 Nxe3 29. Qxc8 Nxc2 30. Qxc2 Bxa2 31. Nf3 Bc4 32. Re1 Rxe1+ 33. Nxe1
a5 34. Qd2 h6 35. Nf3 g5 36. Qd4 Qxd4 37. Nxd4 a4 38. Nc6 Kf7 39. Kh2 Ke6 40.
Kg3 Kd5 41. Nb4+ Kc5 42. Na6+ Kd4 43. h4 gxh4+ 44. Kxh4 Kd3 45. Nb4+ Kd2 46.
Kh5 Kc1 47. g4 Kxb2 48. g5 hxg5 49. Kxg5 Kc3 50. Nc6 a3 51. f4 a2 52. Ne5 a1=Q
53. Kg6 b4 54. Ng4 Qg1 55. Kh5 Be2 56. Kh6 Qxg4 57. Kh7 b3 58. Kh8 b2 59. f5
b1=Q 60. Kh7 Qh1# 0-1

[Event "ICS Rated standard match"]
[Site "204.178.125.65"]
[Date "2000.03.18"]
[Round "?"]
[White "DaroohaLight"]
[Black "Hossa"]
[Result "1-0"]
[WhiteElo "2589"]
[BlackElo "2329"]
[PlyCount "145"]

1. d4 d5 2. Bf4 c5 3. e3 cxd4 4. exd4 Nc6 5. c3 Nf6 6. Bd3 e6 7. Nf3 Be7 8. Qe2
O-O 9. Nbd2 Nh5 10. Be3 Nf6 11. Ne5 Nxe5 12. dxe5 Nd7 13. Bd4 b6 14. Qh5 g6 15.
Qh3 Nc5 16. Be2 a5 17. O-O Bd7 18. Rad1 Bg5 19. Nf3 Bf4 20. g3 Bg5 21. Nxg5
Qxg5 22. Rfe1 Rfe8 23. g4 Bc6 24. f4 Qd8 25. f5 exf5 26. gxf5 Qg5+ 27. Qg4 Qxf5
28. Qxf5 gxf5 29. Rf1 Bd7 30. c4 Re6 31. cxd5 Rg6+ 32. Kf2 Kf8 33. Rc1 Rh6 34.
Kg1 Rg6+ 35. Kh1 Rb8 36. Rf4 h6 37. Rh4 Ne4 38. Bh5 Rg8 39. Be3 Rc8 40. Rf1 Rc4
41. Bxb6 Rb4 42. Be3 Ke7 43. b3 Rc8 44. Bxh6 Rd4 45. Bg5+ Kf8 46. Bf3 Nxg5 47.
Rxd4 Re8 48. Kg2 Rxe5 49. h4 Nxf3 50. Kxf3 Ke7 51. h5 Kf6 52. h6 Re8 53. h7 Rh8
54. Rh4 Kg7 55. Re1 Bb5 56. Rg1+ Kf8 57. b4 a4 58. Kf4 Bc4 59. Kxf5 Ke7 60. d6+
Kd7 61. Rxc4 Rxh7 62. Rd1 Rh5+ 63. Kg4 Rb5 64. Rc7+ Kd8 65. d7 Rxb4+ 66. Kh3
Rb8 67. Ra7 Rb5 68. Ra8+ Ke7 69. d8=Q+ Ke6 70. Ra6+ Kf5 71. Rf6+ Kg5 72. Rg1+
Kh5 73. Qd1# 1-0

[Event "ICS rated blitz match"]
[Site "204.178.125.65"]
[Date "2000.03.18"]
[Round "?"]
[White "er"]
[Black "Hossa"]
[Result "0-1"]
[WhiteElo "2101"]
[BlackElo "2421"]
[PlyCount "78"]

1. e4 c5 2. Nf3 d6 3. c3 Nf6 4. Bd3 Bg4 5. Bc2 Nc6 6. d3 e6 7. h3 Bxf3 8. Qxf3
d5 9. Bg5 Be7 10. O-O dxe4 11. dxe4 Nd7 12. Bxe7 Qxe7 13. Na3 O-O 14. Qg3 Nb6
15. Rae1 Rad8 16. Re2 Rd7 17. Rd1 Rxd1+ 18. Bxd1 Rd8 19. Bc2 e5 20. Nb1 Qe6 21.
b3 Rd6 22. Qe3 c4 23. b4 Qd7 24. Rd2 f6 25. Rxd6 Qxd6 26. Qd2 Qc7 27. a3 a5 28.
Qd1 g6 29. Nd2 axb4 30. axb4 Na7 31. Nf3 Nb5 32. Qd2 Nd6 33. h4 Nb5 34. h5 gxh5
35. Nh4 Qd6 36. Qe3 Qd8 37. Nf5 Na3 38. Qg3+ Kf7 39. Qg6+ hxg6 0-1

[Event "ICS rated blitz match"]
[Site "204.178.125.65"]
[Date "2000.03.18"]
[Round "?"]
[White "BuckarooBanzai"]
[Black "Hossa"]
[Result "0-1"]
[WhiteElo "2283"]
[BlackElo "2431"]
[PlyCount "61"]

1. d4 Nf6 2. Nf3 e6 3. Bg5 c5 4. e3 d5 5. c3 Be7 6. Nbd2 cxd4 7. exd4 O-O 8.
Bd3 Nc6 9. O-O Re8 10. Re1 h6 11. Bh4 Ng4 12. Bxe7 Rxe7 13. h3 Nf6 14. Rc1 Bd7
15. Bb1 Qc7 16. Nf1 e5 17. dxe5 Nxe5 18. Nxe5 Rxe5 19. Ne3 Qb6 20. Qd3 Qxb2 21.
Rcd1 Rae8 22. Rf1 Bb5 23. c4 Rxe3 24. fxe3 Bxc4 25. Qf5 Bxf1 26. Rxf1 Qb6 27.
Qc2 Qxe3+ 28. Kh1 Ne4 29. Rf3 Qe1+ 30. Kh2 Nd2 31. Qd3 0-1

[Event "ICS rated blitz match"]
[Site "204.178.125.65"]
[Date "2000.03.18"]
[Round "?"]
[White "Hossa"]
[Black "styxdiver"]
[Result "1-0"]
[WhiteElo "2441"]
[BlackElo "2228"]
[PlyCount "55"]

1. d4 e6 2. e4 d5 3. e5 c5 4. c3 Nc6 5. Nf3 Bd7 6. a3 f6 7. Bf4 Qc7 8. Bg3 f5
9. Nbd2 c4 10. Be2 Nh6 11. Ng5 O-O-O 12. b3 cxb3 13. Qxb3 Be7 14. Bf4 Rdf8 15.
Rb1 Bxg5 16. Bxg5 Nf7 17. Nf3 Nxg5 18. Nxg5 h6 19. Nf3 g5 20. Qb2 Na5 21. O-O
Bc6 22. Nd2 g4 23. c4 Nxc4 24. Bxc4 dxc4 25. Nxc4 Rd8 26. Nd6+ Rxd6 27. exd6
Qxd6 28. d5 1-0

[Event "ICS rated blitz match"]
[Site "204.178.125.65"]
[Date "2000.03.18"]
[Round "?"]
[White "OnVerra"]
[Black "Hossa"]
[Result "0-1"]
[WhiteElo "2207"]
[BlackElo "2448"]
[PlyCount "62"]

1. e4 e5 2. Nf3 Nc6 3. Bc4 Bc5 4. Nc3 Nf6 5. d3 O-O 6. Bg5 d6 7. Nd5 Na5 8. Bb3
Bd7 9. Qd2 Nxb3 10. axb3 Be6 11. Nxf6+ gxf6 12. Bh6 Re8 13. Nh4 d5 14. d4 exd4
15. Qd3 Bg4 16. O-O f5 17. Nxf5 Qf6 18. Qg3 Qg6 19. h3 Bxf5 20. exf5 Qxg3 21.
fxg3 d3+ 22. Kh2 dxc2 23. Rac1 Re2 24. Rf4 Kh8 25. f6 Be3 26. Bg7+ Kg8 27. Rg4
h5 28. Rh4 Kh7 29. Rxh5+ Kg6 30. Rxd5 Bxc1 31. h4 Be3 0-1

[Event "ICS rated blitz match"]
[Site "204.178.125.65"]
[Date "2000.03.19"]
[Round "?"]
[White "OnVerra"]
[Black "Hossa"]
[Result "0-1"]
[WhiteElo "2195"]
[BlackElo "2460"]
[PlyCount "104"]

1. e4 c5 2. Nf3 d6 3. d4 cxd4 4. Nxd4 Nf6 5. Nc3 a6 6. Be2 e5 7. Nb3 Be7 8. O-O
O-O 9. Bg5 Be6 10. Bxf6 Bxf6 11. Nd5 Bg5 12. c4 Nc6 13. Qd3 f5 14. f3 Bxd5 15.
exd5 Qb6+ 16. Kh1 Ne7 17. Qc3 Qa7 18. Qb4 Rad8 19. Rad1 Be3 20. f4 Bxf4 21. c5
dxc5 22. Nxc5 a5 23. Qb5 Nc8 24. Ne6 Nd6 25. Qa4 Ne4 26. Nxf8 Rxf8 27. Bc4 Nf2+
28. Rxf2 Qxf2 29. d6+ Kh8 30. d7 Qh4 31. g3 Bxg3 32. Qc2 Rd8 33. Kg1 Bxh2+ 34.
Qxh2 Qg4+ 35. Kh1 Qxd1+ 36. Qg1 Rxd7 37. Qxd1 Rxd1+ 38. Kg2 Rd2+ 39. Kf3 Rxb2
40. Be6 g6 41. a4 Kg7 42. Bd7 h6 43. Be8 g5 44. Ke3 Kf6 45. Kd3 g4 46. Kc3 Rf2
47. Kc4 g3 48. Bb5 g2 49. Kd5 Rd2+ 50. Kc5 g1=Q+ 51. Kc4 Qg4+ 52. Kc3 Qb4# 0-1

[Event "ICS rated blitz match"]
[Site "204.178.125.65"]
[Date "2000.03.19"]
[Round "?"]
[White "Hossa"]
[Black "tol4511"]
[Result "0-1"]
[WhiteElo "2466"]
[BlackElo "2454"]
[PlyCount "136"]

1. c4 d5 2. cxd5 Qxd5 3. Nc3 Qd8 4. Nf3 e6 5. d4 Nf6 6. e4 Bb4 7. Bd3 O-O 8.
Bg5 h6 9. Bxf6 Qxf6 10. a3 Ba5 11. e5 Qd8 12. O-O Nc6 13. Be4 Ne7 14. Qd3 c6
15. b4 Bc7 16. Rfc1 Re8 17. b5 Rb8 18. bxc6 bxc6 19. Rab1 Rxb1 20. Rxb1 Nd5 21.
Na4 Ba5 22. Nc5 Bb6 23. Qc2 Qc7 24. Nd3 Ba6 25. Nb4 Nxb4 26. axb4 Rd8 27. Ra1
Bb5 28. Bh7+ Kh8 29. Be4 Bxd4 30. Rd1 Bb6 31. Rd2 Rxd2 32. Qxd2 c5 33. bxc5
Qxc5 34. Qc2 Qxc2 35. Bxc2 a5 36. Nd2 a4 37. Ne4 a3 38. Bb3 Bd3 39. Nd6 Bb1 40.
Nxf7+ Kh7 41. h4 a2 42. Bxa2 Bxa2 43. Kf1 Kg6 44. Nd6 Bd4 45. f4 Kh5 46. Ke2
Kxh4 47. Kd3 Ba1 48. Ne4 Bb1+ 49. Ke3 Bxe4 50. Kxe4 Kg4 51. f5 exf5+ 52. Ke3
Bxe5 53. Kd3 Kg3 54. Kc4 Kxg2 55. Kc5 f4 56. Kc6 f3 57. Kc5 f2 58. Kd5 Bb2 59.
Kc6 g5 60. Kd6 g4 61. Kc6 f1=Q 62. Kd5 g3 63. Kc5 Kh3 64. Kb4 g2 65. Kc5 g1=Q+
66. Kc6 Qf6+ 67. Kb7 Qfb6+ 68. Kc8 Qg4# 0-1